000 00589nam a2200169 a 4500
008 120416s1973 ||||||||||||||||| || u
020 _a0850380340
050 _aQD 79.T38 Dan
100 _aDaniels, Thomas Cedric, 1925-
245 1 0 _aThermal analysis
260 _aLondon
_bKogan
_c1973
300 _a272p. : ill.
350 _a0.00
650 0 _aCHEMISTRY--HANDBOOKS, MANUALS, ETC
650 _aTHERMAL PROPERTIES--ANALYSIS
995 _D0.00
_FCBU-MAIN LIBRARY (Kitwe)
_H1
_I6.00
_M1
_UAVAILABLE
_ZAnnex Low-Usage Collection
999 _c59805
_d59805